| 000 | 00637cam a2200205 a 4500 | ||
|---|---|---|---|
| 999 |
_c10543 _d10543 |
||
| 003 | OSt | ||
| 005 | 20220404165811.0 | ||
| 008 | 100223s2010 njua b 001 0 eng | ||
| 020 | _a9780470497098 | ||
| 040 |
_aDLC _cDLC |
||
| 082 | 0 | 0 |
_a720/.47 _222 |
| 100 | 1 |
_aSmith, David Lee, _d1940- |
|
| 245 | 1 | 0 |
_aEnvironmental issues in architecture / _cDavid Lee Smith. |
| 260 |
_aHoboken, N.J. : _bJohn Wiley & Sons, _cc2010. |
||
| 300 |
_ax, 595 p. : _bill. ; _c29 cm. |
||
| 504 | _aIncludes bibliographical references and index. | ||
| 650 | 0 |
_aArchitecture _xHuman factors. |
|
| 650 | 0 |
_aBuildings _xEnvironmental engineering. |
|
| 942 | _2ddc | ||